Central Library OPAC University of Rajshahi

Understanding human nature : (Record no. 55911)

MARC details
000 -LEADER
fixed length control field 00829nam a2200241 a 4500
001 - CONTROL NUMBER
control field 55911
003 - CONTROL NUMBER IDENTIFIER
rucl marc code BD-RjUL
005 - DATE AND TIME OF LATEST TRANSACTION
control field 20211209080330.0
008 - FIXED-LENGTH DATA ELEMENTS--GENERAL INFORMATION
fixed length control field 161123r1961 nyu n 00eng eng d
035 ## - SYSTEM CONTROL NUMBER
System control number (BD-RjUL)56035
040 ## - CATALOGING SOURCE
Modifying agency BD-RjUL
Language of cataloging eng
Original cataloging agency BD-RjUL
Transcribing agency BD-RjUL
041 1# - LANGUAGE CODE
Language code of text/sound track or separate title eng
082 00 - DEWEY DECIMAL CLASSIFICATION NUMBER
Classification number 150.1953
Author mark and year ADU 1961
Edition number 23
100 1# - MAIN ENTRY--PERSONAL NAME
Personal name Adler, Alfred
Dates associated with a name 1870-1937.
9 (RLIN) 16817
245 10 - TITLE STATEMENT
Title Understanding human nature :
Remainder of title a key to self-knowledge /
Statement of responsibility, etc. by Alfred Adler ; translated by Walter Béran Wolfe.
260 ## - PUBLICATION, DISTRIBUTION, ETC. (IMPRINT)
Place of publication, distribution, etc. New York :
Name of publisher, distributor, etc. Fawcett Publications,
Date of publication, distribution, etc. 1927 [Printing 1961]
300 ## - PHYSICAL DESCRIPTION
Pagination xiii, 224 p. ;
Size 17 cm.
490 ## - SERIES STATEMENT
Series statement Premier Behavioral Sciences
650 #0 - SUBJECT ADDED ENTRY--TOPICAL TERM
Topical term or geographic name as entry element Psychology
9 (RLIN) 89199
Topical term or geographic name as entry element Characters and characteristics.
9 (RLIN) 89200
700 1# - ADDED ENTRY--PERSONAL NAME
Personal name Wolfe, W. Béran
Fuller form of name (Walter Béran),
Dates associated with a name 1900-1935.
942 ## - ADDED ENTRY ELEMENTS (KOHA)
Source of classification or shelving scheme Dewey Decimal Classification
Koha item type Books
Holdings
Lost status Source of classification or shelving scheme Damaged status Not for loan Collection code Permanent Location Current Location Shelving location Date acquired Source of acquisition Total Checkouts Full call number Date last seen Copy number Koha item type
  Dewey Decimal Classification     Non-fiction Central Library, University of Rajshahi Central Library, University of Rajshahi   15/05/1963 Asia Fundation   150.1953 ADU 1961 23/11/2016 C-2 Books